The inexplicable unhappiness of Ramu Hajjam/ (Record no. 143020)

MARC details
000 -LEADER
fixed length control field 00541nam a22001817a 4500
005 - DATE AND TIME OF LATEST TRANSACTION
control field 20170801114710.0
010 ## - LCCN (DPL NO)
LC control number ENG-119492
020 ## - INTERNATIONAL STANDARD BOOK NUMBER
Terms of availability 299.00
International Standard Book Number 9789351951971
035 ## - SYSTEM CONTROL NUMBER
System control number EN-103024
037 ## - SOURCE OF ACQUISITION
Source of stock number/acquisition DBAD/PUB
082 ## - DEWEY DECIMAL CLASSIFICATION NUMBER
Classification number N
100 ## - MAIN ENTRY--PERSONAL NAME
Personal name Taj Hassan
245 ## - TITLE STATEMENT
Title The inexplicable unhappiness of Ramu Hajjam/
Statement of responsibility, etc byTaj Hassan
260 ## - PUBLICATION, DISTRIBUTION, ETC. (IMPRINT)
Place of publication, distribution, etc Gurgaon
Name of publisher, distributor, etc Hachette Book Publishing
Date of publication, distribution, etc 2012
270 ## - ADDRESS
Address 4th & 5th Floors, Corporate Center,Plot N0-94,Sector-44
City Gurgaon
Postal code 122003
300 ## - PHYSICAL DESCRIPTION
Extent xii,312p.
Dimensions 20cm(pbk)
942 ## - ADDED ENTRY ELEMENTS (KOHA)
Source of classification or shelving scheme Dewey Decimal Classification
Item type English Books
Call number suffix TAJ
Classification part N
Holdings
Withdrawn status Lost status Not for loan Collection code Home library Current library Date acquired Source of acquisition Cost, normal purchase price Full call number Barcode Copy number Cost, replacement price Koha item type
      Fiction Ashok Vihar Ashok Vihar 01/08/2017 DBAD/PUB 299.00 N TAJ EN-103024 1 299.00 English Books

© Delhi Public Library
Hit Counter
free hit counter